Theophil Woschek, Landeshauptmann von Oberschlesien

Titel: Theophil Woschek, Landeshauptmann von Oberschlesien
Verfasser:
In: Oberschlesisches Jahrbuch, Band 1 (1985), Seite 84-117, Abb.
alle Artikel anzeigen
Veröffentlicht: 1985
Format: Aufsatz
Sprache: Deutsch
Schlagworte:
Kein Bild verfügbar
X
alg: 39167574
001A    $01999:11-11-16 
001B    $03025:20-10-25 $t12:56:53.000 
001D    $01999:11-11-16 
001U    $0utf8 
001X    $00 
002@    $0Aox 
003@    $0391675745 
007A    $0391675745 $aHEB 
007T    $0Herdc0002383m 
010@    $ager 
011@    $a1985 
021A    $aTheophil Woschek, Landeshauptmann von Oberschlesien 
028A    $7118832476 $8Abmeier, Hans-Ludwig$Z1927- [Tp1] $908717300X 
031A    $d1 $h84-117, Abb. $j1985 
037A    $aEnthält 4 Bescheinigungen aus dem Entnazifizierungsverfahren von Woschek (115-117) 
039B    $aIn $8--Abvc--. Oberschlesisches Jahrbuch. - Ratingen : Stiftung Haus Oberschlesien, 1985-2009. - ISSN 0930-6978 $x198500000010000916 $904709043X 
044K    $71125051744 $8Woschek, Theophil$Z1888-1952 [Tp3] $9399532862 
045F    $a929.094385 $eDDC23BSB 
045F/01 $a929 
045F/03 $g4385 
045T    $a8,1 

lok: 39167574 78

exp: 39167574 78 1 #EPN
201B/01 $029-09-21 $t05:31:22.000 
201U/01 $0utf8 
203@/01 $0787770396 
208@/01 $a11-11-16 $be 
209A/01 $a/ $f000 $x00 
220C/01 $aTitelaufnehmer: wr;ha 
244Z/01 $2Trx $#Silesia $#Śląsk $#Sliezsko $#Slezsko $8--Trx--Schlesien $x01 $9391173987 
244Z/01 $#Gleiwitz $#Gliwice $74021270-1 $8--Tg1--Gleiwitz $x02 $9085051853 
244Z/01 $aGeschichte 1888-1952 $x03 
244Z/01 $2Trx $8--Trx--Woschek, Theophil$Z1888-1952 $x04 $9390678643 
244Z/01 $2Trx $#juristid $#teisininkai $#jurists $#jogászok $#prawnicy $#právnici $#právníci $#Kanonisten $#Richter $#Rechtsanwälte $#kanoniści $#sędziowie $#adwokaci $#kanonisti $#sudci $#advokáti $#advokáti $8--Trx--Juristen $x05 $9391369474 
244Z/01 $2Trx $#kommunaalpoliitika $#municipalinė politika $#communal policies $#kommunális politika $#polityka komunalna $#politika komunálna $#politika komunální $8--Trx--Kommunalpolitik $x06 $9391356836 
244Z/01 $2Trx $#valitsus, kohalik $#municipalinė valdyba $#local administration $#közigazgatás, helyi $#administracja terenowa $#správa komunálna $#správa komunální $#Gemeindeverwaltung $#Autonomie $#samorząd terytorialny $#samorząd komunalny $#správa obecná $#autonómia $#správa obecní $#autonomie $8--Trx--Verwaltung, kommunale $x07 $9391365355 
244Z/01 $2Trx $8--Trx--Zeitschriftenaufsatz $x08 $9391384341 
245Z/01 $a12.03 $x01 
247C/01 $82080>Marburg/Lahn, Herder-Institut, Forschungsbibliothek, Bibliographieportal $9336309341
LEADER 00000caa a22000002c 4500
001 391675745
003 DE-603
005 20251020125653.0
007 tu
008 161111s1985 xx |||| | u00||u|ger c
035 |a (DE-599)HEB391675745 
040 |a DE-603  |b ger  |c DE-603  |d DE-603 
041 |a ger 
082 0 4 |8 1\u  |a 929.094385  |q DE-101  |2 23/BSB 
084 |a 8,1  |2 ssgn 
085 |8 1\u  |b 929 
085 |8 1\u  |z 2  |s 4385 
100 1 |a Abmeier, Hans-Ludwig  |d 1927-  |0 (DE-603)08717300X  |0 (DE-588)118832476  |2 gnd 
245 0 0 |a Theophil Woschek, Landeshauptmann von Oberschlesien 
264 0 |c 1985 
500 |a Enthält 4 Bescheinigungen aus dem Entnazifizierungsverfahren von Woschek (115-117) 
600 1 7 |a Woschek, Theophil  |d 1888-1952  |0 (DE-588)1125051744  |0 (DE-603)399532862  |2 gnd 
773 0 8 |i In  |t Oberschlesisches Jahrbuch  |d Ratingen : Stiftung Haus Oberschlesien, 1985-2009  |h 24 cm  |x 0930-6978  |g Band 1 (1985), Seite 84-117, Abb.  |w (DE-603)04709043X  |w (DE-600)82431-8 
924 0 |9 2080  |a (DE-603)787770396  |b DE-2080  |c HES  |d d  |g /